Quizzes
Events
Quiz Creation
Community
Videos
Private Events
Remove Ads
Sign In
Join for FREE
Feedback
Dark Mode
Quiz Categories
Sports
Geography
Music
Movies
Television
Just For Fun
Miscellaneous
History
Literature
Language
Science
Gaming
Entertainment
Religion
Holiday
For Kids
Quiz Lab
Recent
Popular Today
Quiz Kudos Today
Editor Picks
Curator Picks
Quizzes by...
Day
Popularity
Type
Ratings
Length
Year
Community
Subscriptions
Recent Discussions
Orange Saloon
Badges
Playlists
Quests
Create
Leaderboards
Showdown
Live 5
Trivia Bingo
Activity
Puzzle Library
Sporcle Events
Private Events
Virtual Trivia
Globe League
Become a Host
Pub Owners
SporcleCon
Opinionation
Our Games
Videos
Blog
Mobile Apps
Partnerships
Remove Ads and Go Orange
Feedback
Sports
Athletes
MLB
NBA
NHL
NFL
Soccer
Sports Teams
WWE
NCAA
Football
Premier League
Basketball
Baseball
Hockey
Golf
Tennis
Cricket
Rugby
Auto Racing
Olympics
World Cup
Sports
Athletes
MLB
NBA
NHL
NFL
Soccer
Sports Teams
WWE
NCAA
Football
Premier League
Basketball
Baseball
Hockey
Golf
Tennis
Cricket
Rugby
Auto Racing
Olympics
World Cup
Random Quiz
Search Sporcle
×
Quiz Lab
Quiz Lab
Sports
Basketball
Type in answers that appear in a list
Type in answers that appear in a list
Classic
Best Score? Go Orange.
Nba 4 point plays Stats
Can you name the nba 4 point plays
By
serdar
4m
9 Questions
64 Plays
64 Plays
64 Plays
Comments
Comments
Give Quiz Kudos
Give Quiz Kudos
-
- Ratings
hide this ad
Random Order
Randomize order of answers
Randomize order of answers
Replay
Link that replays current quiz
Next Quiz
Link to next quiz in quiz playlist
You Got
0%
They Got
Avg Score
42%
Avg Friend Score
Upgrade to see
Score Distribution
Jump to the score distribution portion of the page
Score
0/9
Timer
04:00
0
Plays Today
Hint
Answer
% Correct
13
Ray Allen
73.4%
23
Reggie Miller
71.9%
40
Jamal Crawford
67.2%
9
Kobe Bryant
59.4%
14
Dirk Nowitzki
39.1%
10
Allen Iverson
31.3%
9
Mitch Richmond
15.6%
10
John Starks
14.1%
11
Michael Adams
9.4%
Quiz Playlist
Details
Report
Send in Message
Add To Playlist
Classic:
Type in answers that appear in a list
Random Order:
Randomize order of answers
Quiz Source
Last Updated: Feb 16, 2017
Quiz Scoreboard
CHALLENGE
Sign Up to Join the Scoreboard
Show All
Scores
Hide
Comments
May contain spoilers
Recently Published
An Introduction to Baseball
by treessimontrees
Sports
5m
Movies - When Are They Set?
by FPL_Elf
Movies
5m
Popular People in 1961
by mucciniale
History
6m
More to Explore
Quiz From the Vault
Featured Blog Post
Where Did the Easter Bunny Come From?
hide this ad
You Might Also Like...
Tags
Basketball Quiz
NBA Quiz
Today's Top Quizzes in Sports
Browse Sports
hide this ad
Today's Top Quizzes in Basketball
Browse Basketball
Top Contributed Quizzes in Sports
1
Les meilleurs buteurs des matchs entre le PSG et l’OM
2
2022 World Cup Stars
3
FIFA Club World Cup Champions
4
Les entraîneurs de l'OM et du PSG au 21e siècle
5
Name the Premier League winners with different clubs
6
La finale Lions - Afrique du Sud 2021
7
Les joueurs passés par le LOSC et le RC Lens
8
Criteria MLB: Left Handed Sluggers
9
Players with Multiple 50 Home Run Seasons
10
5-to-1: UK Sports Teams
Explore More
Trending Topics
Kpop
Marvel
Harry Potter
Crossword
Anime
Disney
NBA
NFL
The Office
Puzzle
Soccer
Song
Country
Pokémon
WWE
hide this ad
More By:
serdar
Quiz
Plays
Rating
Category
Featured
Created
nba 4 point plays
64
5.00
Sports
Feb 25, 2014
Go to Creator's Profile
Score Distribution
Quiz Creator Spotlight
serdar
Follow
Send a Message
Quizzes Created
-
Created Quiz Play Count
-
More By This Creator
Popular Quizzes Today
1
Find the Countries of Europe - No Outlines Minefield
2
Find the US States - No Outlines Minefield
3
The Countries of the World
4
Popular People in 1961
5
Find the US States
6
US States
7
1-10 Letter E Words III
8
Risky Map Clicking: Biggest States A-Z
More Sports Quizzes
MLB Best Pitching Seasons By Team (2010s)
Published
Trending Quizzes
Risky Map Clicking: Least Populous States A-Z
1-10 Letter F Words
1-10 Letter G Words
Not Quite an Element Typing Challenge
One Thing in Common: United Kingdom
Recently Updated
Leaping Animals
pecheneg
Reality TV Shows (A-Z)
bhenderson79
Rickey Henderson's Hall of Fame Teammates
pecheneg
Champions League XIs: Arsenal
pecheneg
Quick Pick: Celebrities in WWE's Hall of Fame
aduchscher
A-Z Keypad Blitz II
pecheneg
Multiple Oscar Actors
pecheneg
Mystery Phrase Blitz: Oscar 'Best Actors'
pecheneg
F. Scott Fitzgerald Novels
LTH
Pick 3 Villains
ddd62291
Trending Topics
Crossword
Anime
Harry Potter
NBA
Kpop
Marvel
Disney
Puzzle
Country
NFL
Pokémon
Soccer
WWE
Song
The Office
Your Account Isn't Verified!
In order to create a playlist on Sporcle, you need to verify the email address you used during registration. Go to your
Sporcle Settings
to finish the process.
Report this User
Report this user for behavior that violates our
Community Guidelines
.
Details:
Send Report
Go to the Sporcle.com Mobile Site →
Comments